| 000 | 00610nam a2200205Ia 4500 | ||
|---|---|---|---|
| 003 | GCL | ||
| 008 | 140319s9999 xx 000 0 ara d | ||
| 040 |
_aGCL / _cGCL |
||
| 082 | 0 | 4 |
_a813.03 _bب م |
| 100 | 1 | _aروفايل، بيار | |
| 245 | 1 | 0 |
_aماذا فعلت بقلبى / _cروفايل، بيار |
| 250 | _aالثانية | ||
| 260 |
_aبيروت : _bدار الجيل ، _c1990 |
||
| 300 |
_a470 ص: _bايض ؛ _c20 سم |
||
| 490 | _a | ||
| 650 | 0 | 4 | _aالادب العربى |
| 650 | 0 | 4 | _aالقصص العربية |
| 650 | 0 | 4 | _aالقصص العربية - لبنان |
| 942 |
_2ddc _cBK |
||
| 999 |
_c33586 _d33586 |
||